《过秦论》上 - Statistics

General Stats
  • This quiz has been taken 14 times
  • The average score is 37 of 150
Answer Stats
Answer % Correct
秦孝公据崤函之固
75%
拥雍州之地
63%
君臣固守以窥周室
63%
有席卷天下
50%
包举宇内
50%
囊括四海之意
50%
并吞八荒之心
50%
当是时也
50%
商君佐之
50%
内立法度
50%
务耕织
50%
外连衡而斗诸侯
50%
奋六世之余烈
50%
修守战之具
38%
于是秦人拱手而取西河之外
38%
孝公既没
38%
惠文、武、昭襄蒙故业
38%
因遗策
38%
不爱珍器重宝肥饶之地
38%
以致天下之士
38%
当此之时
38%
齐有孟尝
38%
赵有平原
38%
楚有春申
38%
魏有信陵
38%
此四君者
38%
皆明智而忠信
38%
宽厚而爱人
38%
尊贤而重士
38%
享国之日浅
38%
国家无事
38%
及至始皇
38%
振长策而御宇内
38%
南取百越之地
38%
以为桂林、象郡
38%
百越之君
38%
俯首系颈
38%
委命下吏
38%
却匈奴七百余里
38%
胡人不敢南下而牧马
38%
士不敢弯弓而报怨
38%
收天下之兵
38%
聚之咸阳
38%
销锋镝
38%
铸以为金人十二
38%
仁义不施而攻守之势异也
38%
南取汉中
25%
西举巴、蜀
25%
东割膏腴之地
25%
北收要害之郡
25%
诸侯恐惧
25%
会盟而谋弱秦
25%
合从缔交
25%
相与为一
25%
约从离衡
25%
兼韩、魏、燕、楚、齐、赵、宋、卫、中山之众
25%
于是六国之士
25%
有甯越、徐尚、苏秦、杜赫之属为之谋
25%
尝以十倍之地
25%
百万之众
25%
叩关而攻秦
25%
秦人开关延敌
25%
九国之师
25%
逡巡而不敢进
25%
秦无亡矢遗镞之费
25%
而天下诸侯已困矣
25%
于是从散约败
25%
争割地而赂秦
25%
秦有余力而制其弊
25%
追亡逐北
25%
伏尸百万
25%
流血漂橹
25%
因利乘便
25%
宰割天下
25%
分裂山河
25%
强国请服
25%
弱国入朝
25%
延及孝文王、庄襄王
25%
吞二周而亡诸侯
25%
履至尊而制六合
25%
执敲扑而鞭笞天下
25%
威振四海
25%
乃使蒙恬北筑长城而守藩篱
25%
于是废先王之道
25%
焚百家之言
25%
以愚黔首
25%
隳名城
25%
杀豪杰
25%
因河为池
25%
据亿丈之城
25%
临不测之渊
25%
以为固
25%
天下已定
25%
始皇之心
25%
自以为关中之固
25%
金城千里
25%
子孙帝王万世之业也
25%
始皇既没
25%
余威震于殊俗
25%
非铦于钩戟长铩也
25%
何也
25%
齐明、周最、陈轸、召滑、楼缓、翟景、苏厉、乐毅之徒通其意
13%
吴起、孙膑、带佗、倪良、王廖、田忌、廉颇、赵奢之伦制其兵
13%
以弱天下之民
13%
然后践华为城
13%
良将劲弩守要害之处
13%
信臣精卒陈利兵而谁何
13%
然陈涉瓮牖绳枢之子
13%
氓隶之人
13%
而迁徙之徒也
13%
才能不及中人
13%
非有仲尼、墨翟之贤
13%
陶朱、猗顿之富
13%
蹑足行伍之间
13%
而倔起阡陌之中
13%
率疲弊之卒
13%
将数百之众
13%
转而攻秦
13%
斩木为兵
13%
揭竿为旗
13%
天下云集响应
13%
赢粮而景从
13%
山东豪俊遂并起而亡秦族矣
13%
且夫天下非小弱也
13%
雍州之地
13%
崤函之固
13%
自若也
13%
陈涉之位
13%
非尊于齐、楚、燕、赵、韩、魏、宋、卫、中山之君也
13%
谪戍之众
13%
非抗于九国之师也
13%
深谋远虑
13%
行军用兵之道
13%
锄櫌棘矜
0%
非及乡时之士也
0%
然而成败异变
0%
功业相反
0%
试使山东之国与陈涉度长絜大
0%
比权量力
0%
则不可同年而语矣
0%
然秦以区区之地
0%
致万乘之势
0%
序八州而朝同列
0%
百有余年矣
0%
然后以六合为家
0%
崤函为宫
0%
一夫作难而七庙隳
0%
身死人手
0%
为天下笑者
0%
No matching quizzes found
Score Distribution
Percent of People with Each Score
Percentile by Number Answered
Your Score History
You have not taken this quiz